Movies Quiz

Random Movies or Oscar Quiz

Academy Award Winners of 2011 Quiz Stats

 Plays Quiz not verified by Sporcle

Support Sporcle.
Go Orange.
Score 0/24 Timer 07:00
0 Plays Today
Award Movie or Actor/Actress % Correct
Best PictureThe King's Speech
98.6%
Actor in a Leading RoleColin Firth
98.6%
Actress in a Leading RoleNatalie Portman
98.6%
Animated Feature FilmToy Story 3
98.6%
Actor in a Supporting RoleChristian Bale
92.8%
DirectingThe King's Speech
84.1%
Actress in a Supporting RoleMelissa Leo
79.7%
CinematographyInception
76.8%
Music (Original Song)Toy Story 3
76.8%
Art DirectionAlice in Wonderland
71%
Visual EffectsInception
71%
Writing (Original Screenplay)The King's Speech
71%
Award Movie or Actor/Actress % Correct
Costume DesignAlice in Wonderland
69.6%
Sound EditingInception
69.6%
Sound MixingInception
69.6%
Writing (Adapted Screenplay)The Social Network
69.6%
Music (Original Score)The Social Network
68.1%
Film EditingThe Social Network
60.9%
MakeupThe Wolfman
50.7%
Documentary FeatureInside Job
39.1%
Foreign Language FilmIn a Better World
27.5%
Short Film (Animated)The Lost Thing
21.7%
Short Film (Live Action)God of Love
21.7%
Documentary Short SubjectStrangers No More
15.9%

You're not logged in!

Compare scores with friends on all Sporcle quizzes.
OR
Log In

From the Vault

Making Names

by rockgolf

Some people really make a name for themselves and sometimes you can help!
Remove Ads.
Support Sporcle.
Get the best of Sporcle when you Go Orange. This ad-free experience offers more features, more stats, and more fun while also helping to support Sporcle. Thank you for becoming a member.

Show Comments

Extras

Top Quizzes Today


Score Distribution

Your Account Isn't Verified!

In order to create a playlist on Sporcle, you need to verify the email address you used during registration. Go to your Sporcle Settings to finish the process.

Report this User

Report this user for behavior that violates our Community Guidelines.

Details: